Derecho parlamentario

Detalles Bibliográficos
Autor principal: Gentile, Jorge Horacio
Formato: Desconocido
Lenguaje:español
Publicado: Buenos Aires ; Madrid : Ciudad Argentina, 2008
Materias:
Acceso en línea:Acceso restringido

MARC

LEADER 00000ny a22000003n 4500
005 20110225104034.0
008 080812s2008 vp 000 0 spa c
020 |a 9788495823984 
035 |a 2336 
040 |a SpMaUCDE  |d vLex 
080 |a 342.53(82) 
090 |c 23  |d 23 
100 1 |a Gentile, Jorge Horacio 
245 1 0 |a Derecho parlamentario  |h [Recurso electrn̤ico]  |c Jorge Horacio Gentile. 
256 |a Servicio en ln̕ea 
260 |a Buenos Aires ;  |a Madrid :  |b Ciudad Argentina,  |c 2008 
300 |a v. 
506 1 |a Contenido solo disponible en los productos indicados  |d vLex Global  |d vLex Global (Academic Edition, excluding Law Schools)  |d vLex Global (U.S. Academic Edition, Law Schools)  |d vLex Global (U.S. Academic Edition, excluding Law Schools)  |d vLex Global (Academic Edition, Law Schools) 
650 0 4 |a Procedimiento parlamentario  |z Argentina 
740 0 |a vLex Libros (Servicios en ln̕ea) 
856 4 0 |z Acceso restringido  |u http://vlex.com/source/derecho-parlamentario-2336 
942 |c BOOK 
999 0 |a Parliamentary practice  |b Argentina